Statistics for In The End - Linkin Park (Lyrics)

Click here to take the quiz!

General Stats

  • This quiz has been taken 429 times
  • The average score is 27 of 52

Answer Stats

Lyrics% Correct
I doesn't even matter how hard you {try}
98%
One thing, I don't know {why}
96%
All I {know}
86%
(All I {know})
86%
One thing, I don't {know} why
86%
For all this, there's only {one} thing you should {know]
84%
For all this, there's only {one} thing you should {know]
84%
(It starts with {one})
84%
Time is a {valuable} thing
74%
It doesn't even {matter} how hard you try
64%
Be a memory of a {time} (I tried so hard)
63%
But in the {end}, it doesn't even {matter}
58%
But in the {end}, it doesn't even {matter}
58%
But in the {end}, it doesn't even {matter}
58%
But in the {end}, it doesn't even {matter}
58%
But in the {end}, it doesn't even {matter}
58%
But in the {end}, it doesn't even {matter}
58%
It's so {unreal}
57%
(It's so {unreal})
57%
I {tried} so hard, and got so {far}
56%
I {tried} so hard, and got so {far}
56%
I {tried} so hard, and got so {far}
56%
It all {fell} apart
53%
To {explain} in due time
53%
I had to {fall} to {lose} it all
49%
I had to {fall} to {lose} it all
49%
I had to {fall} to {lose} it all
49%
The clock ticks {life} away
47%
({Watch} you go)
47%
Didn't {look} down below
46%
Keep that in {mind}, I designed this {rhyme}
46%
Be a {memory} of a time (I tried so hard)
45%
Watch the {time} go right out the {window}
44%
It all fell {apart}
43%
I've put my {trust} in {you}
43%
I've put my {trust} in {you}
43%
I kept everything {inside}, and even though I {tried}
42%
Watch it {fly} by as the {pendulum} swings
41%
Keep that in mind, I {designed} this {rhyme}
38%
Tryin' to {hold} on, didn't even {know}
38%
Watch it {count} down to the end of the {day}
36%
{Pushed} as far as I can {go}
35%
{Pushed} as far as I can {go}
35%
What it {meant} to me will {eventually}
35%
What it {meant} to me will {eventually}
35%
I {wasted} it all just to watch you {go}
33%
To {remind} myself, I {tried} so hard
32%
You kept {everything} inside, and even {though} I tried
31%
Remembering all the times you {fought} with me
30%
{Acting} like I was part of your {property}
29%
I'm {surprised} it got so far
26%
In {spite} the way you were {mocking} me
21%

Score Distribution

Percentile by Number Answered

Percent of People with Each Score

Your Score History

You have not taken this quiz